| 000 -LEADER |
| fixed length control field |
01582nam a2200181 4500 |
| 008 - FIXED-LENGTH DATA ELEMENTS--GENERAL INFORMATION |
| fixed length control field |
190817b ||||| |||| 00| 0 eng d |
| 100 ## - MAIN ENTRY--PERSONAL NAME |
| Personal name |
Liang, Jiaqi |
| 245 ## - TITLE STATEMENT |
| Title |
Linking anticorruption threats, performance pay, administrative outputs, and policy outcomes in China |
| 260 ## - PUBLICATION, DISTRIBUTION, ETC. (IMPRINT) |
| Date of publication, distribution, etc |
2019 |
| 300 ## - PHYSICAL DESCRIPTION |
| Extent |
p.177-194. |
| 520 ## - SUMMARY, ETC. |
| Summary, etc |
Little is known about the effects of two prominent public sector reforms—anticorruption efforts and high‐powered incentive systems—on the accomplishment of policy goals in the absence of the rule of law and in the presence of an extrinsic incentive to take advantage of corruption to achieve performance targets. This study explores how performance rewards and anticorruption efforts jointly affect administrative outputs and policy outcomes. We examine China's air pollution control policy with province‐level panel data. The analysis shows that performance rewards prompt administrative outputs that are linked to the incentive structure. Anticorruption activities have small significant, positive effects on those outputs only prior to the inception of high‐powered rewards, but have no significant effect on policy outcomes, regardless of the measure. The introduction of performance incentives contributes to the achievement of policy outcomes only when their measurement is subject to government manipulation. - Reproduced. |
| 650 ## - SUBJECT ADDED ENTRY--TOPICAL TERM |
| Topical term or geographic name as entry element |
Public sector reforms |
| 9 (RLIN) |
8472 |
| 650 ## - SUBJECT ADDED ENTRY--TOPICAL TERM |
| Topical term or geographic name as entry element |
Air pollution |
| 9 (RLIN) |
8473 |
| 700 ## - ADDED ENTRY--PERSONAL NAME |
| Personal name |
Langbein, Laura |
| 9 (RLIN) |
8474 |
| 773 ## - HOST ITEM ENTRY |
| Main entry heading |
Public Administration |
| 906 ## - LOCAL DATA ELEMENT F, LDF (RLIN) |
| Subject DIP |
Corruption - China |
| 942 ## - ADDED ENTRY ELEMENTS (KOHA) |
| Source of classification or shelving scheme |
|
| Item type |
Articles |